Chovatel odborný časopis Jednoty chovatelu drobného zvířectva

Bibliographic Details
New Title:Rádce zahrádkářu a chovatelu drobného hospodářského zvířectva
Previous Title:Chovatel drobného hospodářského zvířectva
Format: Serial
Language:Czech
PhysicalDescription:10 zv. cm
Published: Praha Brázda 1946-1957
Praha Státní zemědelské nakladatelství
ISSN:2533-6355
Subjects:

MARC

LEADER 00000cas a2200000 a 4500
001 vtls008410422
003 SK-MaSNL
005 20260228161017.0
008 051119d19461957xr mr 0 0cze c
022 |a 2533-6355 
040 |a SNK  |b slo  |c SNK  |e AACR2 
041 0 |a cze 
044 |a xr  |c CZ 
072 7 |a 636  |x Chov zvierat. Živočíšna výroba  |2 konspekt 
080 |a 636.08  |2 2011 
080 |a (051)-027.561  |2 2011 
080 |a 050  |2 2011 
210 0 |a Chovatel  |b (Praha 1947) 
222 0 |a Chovatel  |b (Praha, 1947) 
245 0 0 |a Chovatel  |b odborný časopis Jednoty chovatelu drobného zvířectva 
260 |a Praha  |b Brázda  |c 1946-1957 
260 3 |3 1955-1957  |a Praha  |b Státní zemědelské nakladatelství 
300 |a 10 zv.  |c cm 
310 |a 1x mesačne 
362 0 |a Roč. 1 (1946)-roč. 7 (1952), 1955-1957 
500 |a Podnázov od r. 1956: odborný časopis pro chov drobného hospodářského zvířectva 
500 |a Po zlúčení s časopisom Rádce pokračuje ako Rádce zahrádkářu a chovatelu drobného hospodářského zvířectva 
650 0 7 |a chov zvierat  |2 SNKPH  |9 2803 
655 7 |a odborné časopisy  |2 SNKPH  |9 70505 
780 0 0 |t Chovatel drobného hospodářského zvířectva 
785 0 4 |t Rádce zahrádkářu a chovatelu drobného hospodářského zvířectva 
910 |a snk 
999 |c 4087  |d 6017 
952 |0 0  |1 1  |4 0  |7 0  |a SNK  |b SNK  |d 2005-11-19  |l 0  |o snkČB 842/6/1951  |p 17A0490485  |r 2026-02-21 19:30:30  |t č. 1-9  |w 2026-02-21  |y PREZ